Classical age (Record no. 136926)

000 -LEADER
fixed length control field 00287nam a2200109Ia 4500
008 - FIXED-LENGTH DATA ELEMENTS--GENERAL INFORMATION
fixed length control field 220120s9999||||xx |||||||||||||| ||und||
100 ## - MAIN ENTRY--PERSONAL NAME
Personal name Majumder, Dighe and Pusalkar
9 (RLIN) 11706
245 #0 - TITLE STATEMENT
Title Classical age
260 ## - PUBLICATION, DISTRIBUTION, ETC.
Place of publication, distribution, etc. BVB Publications
Name of publisher, distributor, etc. Mandya
Date of publication, distribution, etc. 1997
300 ## - PHYSICAL DESCRIPTION
Other physical details 0
650 ## - SUBJECT ADDED ENTRY--TOPICAL TERM
Topical term or geographic name entry element GENERAL BOOKS
Holdings
Withdrawn status Lost status Damaged status Not for loan Collection code Home library Current library Date acquired Barcode Date last seen Price effective from Koha item type
        Humanity Science Central Library Central Library 01/20/2022 GF785 01/20/2022 01/20/2022 Gift Books

Powered by Koha